000 004630000a22001810004500
003 MACL
005 20151230153158.0
008 151230b xxu||||| |||| 00| 0 eng d
040 _aMACL
_cMACL
041 _aEnglish
082 _a320/GHO
100 _aGhose, S K
_93128
245 _aThe Betrayal
_bPolitcs as if Pieople Mattered
260 _bSterling Publishing
_aNew Delhi
350 _a45
650 _aPolitical Science
_925101
942 _cBK
_k320/Gho
_2ddc
999 _c34329
_d34329